MARC

LEADER 00000nam0a2200000 4500
001 281901
005 20231101235440.0
020 |a RU  |b 84-78268 
035 |a (RuTPU)RU\TPU\book\305757 
090 |a 281901 
100 |a 20150127d1984 km y0rusy5003 ca 
101 0 |a rus 
102 |a RU 
105 |a a z 000zy 
200 1 |a Благоустройство городов  |f З. И. Александровская [и др.] 
210 |a Москва  |c Стройиздат  |d 1984 
215 |a 341 с.  |c ил. 
225 1 |a Охрана окружающей природ. среды 
606 1 |a Города  |x Санитарное благоустройство  |2 stltpush  |3 (RuTPU)RU\TPU\subj\8282  |9 35737 
610 1 |a градостроительство 
610 1 |a городское население 
610 1 |a численность 
610 1 |a природно-климатические условия 
610 1 |a селитебные территории 
610 1 |a городские дороги 
610 1 |a уборка 
610 1 |a санитарная очистка 
610 1 |a озеленение 
675 |a 628.4  |z rus  |v 4 
701 1 |a Александровская  |b З. И.  |g Зинаида Ивановна 
701 1 |a Букреев  |b Е. М.  |g Евгений Михайлович 
701 1 |a Медведев  |b Я. В.  |g Яков Васильевич 
701 1 |a Юскевич  |b Н. Н.  |g Николай Николаевич 
801 0 |a RU  |b RuMRKP  |c 19950704  |g psbo 
801 1 |a RU  |b 63413507  |c 20150127 
801 2 |a RU  |b 63413507  |c 20170706  |g RCR 
942 |c BK